2023 MLB Opening Day Starting Pitchers Quiz - Statistics

General Stats
  • This quiz has been taken 115 times
  • The average score is 22 of 30
Answer Stats
Team Pitcher % Correct
New York Yankees Gerrit Cole
92%
Atlanta Braves Max Fried
88%
New York Mets Max Scherzer
88%
Arizona Diamondbacks Zac Gallen
88%
Philadelphia Phillies Aaron Nola
87%
Milwaukee Brewers Corbin Burnes
87%
Los Angeles Angels Shohei Ohtani
87%
Houston Astros Framber Valdez
83%
Texas Rangers Jacob deGrom
83%
Miami Marlins Sandy Alcantara
82%
Los Angeles Dodgers Julio Urías
81%
Cleveland Guardians Shane Bieber
79%
San Diego Padres Blake Snell
76%
San Francisco Giants Logan Webb
76%
Toronto Blue Jays Alek Manoah
74%
Tampa Bay Rays Shane McClanahan
70%
Kansas City Royals Zack Greinke
70%
Seattle Mariners Luis Castillo
69%
Washington Nationals Patrick Corbin
69%
Chicago White Sox Dylan Cease
68%
Detroit Tigers Eduardo Rodriguez
65%
Minnesota Twins Pablo López
65%
Chicago Cubs Marcus Stroman
63%
Cincinnati Reds Hunter Greene
62%
Colorado Rockies Germán Márquez
60%
St. Louis Cardinals Miles Mikolas
57%
Pittsburgh Pirates Mitch Keller
57%
Baltimore Orioles Kyle Gibson
56%
Boston Red Sox Corey Kluber
51%
Oakland Athletics Kyle Muller
32%
No matching quizzes found
Score Distribution
Percent of People with Each Score
Percentile by Number Answered
Your Score History
You have not taken this quiz